Democracy's crisis of legitimacy in Latin America /

Guardat en:
Dades bibliogràfiques
Autor principal: Gibbs, Terry
Format: Text
Matèries:
Etiquetes: Afegir etiqueta
Sense etiquetes, Sigues el primer a etiquetar aquest registre!

MARC

LEADER 00000 a a2200000 04500
001 10015
003
040
100 |a Gibbs, Terry  
245 |a Democracy's crisis of legitimacy in Latin America /  |c Terry Gibbs 
650 |a DEMOCRACIA  
650 |a DEMOCRATIZACION  
650 |a MEDICIONES  
650 |a ANALISIS COMPARATIVO  
650 |a AMERICA LATINA  
773 |g volumen 38, número 1; páginas 8-9  
999 |c 38722  |d 38722